000 00297nam a2200133Ia 4500
008 190216s9999||||xx |||||||||||||| ||und||
100 _aM.N Arora
245 0 _aCost Accounting
250 _a1st Ed.
260 _bVikas Publishing House
_c2008
300 _a530
650 _aCommerce
942 _cBK
999 _c8250
_d8250